The Electric circuits problem solver : (Record no. 6939)

MARC details
000 -LEADER
fixed length control field 00643nam a22001937a 4500
003 - CONTROL NUMBER IDENTIFIER
control field OSt
005 - DATE AND TIME OF LATEST TRANSACTION
control field 20210514155440.0
008 - FIXED-LENGTH DATA ELEMENTS--GENERAL INFORMATION
fixed length control field 210514b ||||| |||| 00| 0 eng d
020 ## - INTERNATIONAL STANDARD BOOK NUMBER
International Standard Book Number 0878915176
040 ## - CATALOGING SOURCE
Transcribing agency DDC
082 ## - DEWEY DECIMAL CLASSIFICATION NUMBER
Classification number 621.319 ELE 2004
100 ## - MAIN ENTRY--PERSONAL NAME
Personal name Staff of Research and Education Association, M. Fogiel, Director
9 (RLIN) 14236
245 ## - TITLE STATEMENT
Title The Electric circuits problem solver :
Remainder of title a complete solution guide to any textbook
260 ## - PUBLICATION, DISTRIBUTION, ETC. (IMPRINT)
Place of publication, distribution, etc. Piscataway:
Name of publisher, distributor, etc. New J ersey;
Date of publication, distribution, etc. c2004
300 ## - PHYSICAL DESCRIPTION
Extent xi, 1163 p. :
Other physical details ill. ;
Dimensions 26 cm.
504 ## - BIBLIOGRAPHY, ETC. NOTE
Bibliography, etc Includes index.
650 ## - SUBJECT ADDED ENTRY--TOPICAL TERM
Topical term or geographic name as entry element Electric circuits -- Problems, exercises, etc
9 (RLIN) 14237
942 ## - ADDED ENTRY ELEMENTS (KOHA)
Source of classification or shelving scheme Dewey Decimal Classification
Koha item type Book
Holdings
Withdrawn status Lost status Source of classification or shelving scheme Damaged status Not for loan Home library Current library Date acquired Source of acquisition Inventory number Total Checkouts Full call number Barcode Date last seen Koha item type
    Dewey Decimal Classification     Main Kihumuro Campus Main Kihumuro Campus 14/05/2021 Purchase 21/41428   621.319 ELE 2004 2021-0523 14/05/2021 Short Loan
    Dewey Decimal Classification     Main Kihumuro Campus Main Kihumuro Campus 12/08/2022 Purchase 22/41861   621.319 FOG 1980 2022-7885 12/08/2022 Short Loan
    Dewey Decimal Classification     Main Kihumuro Campus Main Kihumuro Campus 12/08/2022 Purchase 22/41862   621.319 FOG 1980 2022-7886 12/08/2022 Short Loan